Les meilleurs combattants de MMA français - Statistiques

Statistiques générales
  • Ce quiz a été pris 851 fois
    842 depuis la dernière actualisation
  • Le résultat moyen est 11 sur 24
Statistiques - réponses
Par images Réponse % Correct
Cyril Gane
99%
Cedric Doumbe
97%
Benoit Saint Denis
93%
Salahdine Parnasse
87%
Morgan Charriere
77%
Nassourdine Imavov
63%
William Gomis
62%
Baysangur Chamsoudinov
59%
Manon Fiorot
59%
Fares Ziam
58%
Taylor Lapilus
52%
Oumar Sy
43%
Abdoul Abdouraguimov
38%
Mansour Barnaoui
37%
Ramzan Jembiev
30%
Gregory Bouchelaghem
25%
Cyrille Diabate
21%
Cheick Kongo
19%
Amin Ayoub
17%
Karl Amoussou
13%
Alan Baudot
9%
Mickael Lebout
8%
Yves Landu
4%
Fabacary Diatta
2%
Aucun quiz correspondant
Distribution des résultats
% des personnes avec chaque résultat
Percentile par nombre de réponses
Votre historique - résultats
Vous n’avez pas pris ce quiz depuis la dernière actualisation